000 01120nam a2200313 i 4500
001 13919
003 KOSZ 005
005 20211026083850.0
008 070921s1971 pl a f 000 0 pol
015 _aPB 1971/6810
035 _a(OCoLC)749651889
040 _aWA N
_cWA N
_dKOSZ 005/KK
080 _a311
100 1 _aKrzysztofiak, Mirosław
_d(1927-2018)
_eAutor
245 1 0 _aLiczby, tablice, wykresy /
_cMirosław Krzysztofiak.
260 _aWarszawa :
_bPaństwowe Wydawnictwo Ekonomiczne,
_c1971.
300 _a157, [3] stron :
_bilustracje, mapa ;
_c18 cm.
336 _2rdacontent
_aTekst
_btxt
337 _2rdamedia
_aBez urządzenia pośredniczącego
_bn
338 _2rdacarrier
_aWolumin
_bnc
380 _aKsiążki.
490 1 _aStatystyka w Praktyce.
658 _aMatematyka
650 4 _aStatystyka
710 2 _aPaństwowe Wydawnictwo Ekonomiczne
_4pbl.
830 0 _aStatystyka w Praktyce - Państwowe Wydawnictwo Ekonomiczne.
856 _uhttp://koha.tu.koszalin.pl/cgi-bin/koha/opac-detail.pl?biblionumber=13919
_yKatalog online BPK
942 _2UKD
_cKS
999 _c13919
_d13919